00483 2200205 4500001002100000005001500021008004100036020001800077035001900095041000700114082000800121090001400129100002700143245001200170250000600182260002800188300002800216500001800244650001500262INLIS00000000000481020241224113001241224||||||||| | ||| |||| || |  a979-688-468-2 0010-1224004810 aid0 a570 a570 CAM b0 aneil a. Campbell , dkk00aBiologi a5 aJakartaberlanggac2002 axxi,438hlm.;ilus.;30 cm aJil. 1 cet.14 0aIlmu Murni